[Event "Mittelrhein Verbandsliga-S 18/19"]
[Site "Nordrheinwestfalen"]
[Date "2019.03.10"]
[Round "8.2"]
[White "Gerusel, Mathias"]
[Black "Wilke, Christopher"]
[Result "1-0"]
[WhiteElo "2137"]
[BlackElo "1941"]
[PlyCount "29"]
[EventDate "2018.09.02"]
[EventType "team-tourn"]
[EventRounds "11"]
[EventCountry "GER"]
[SourceTitle "EXT 2022"]
[Source "ChessBase"]
[SourceDate "2021.10.06"]
[SourceVersion "1"]
[SourceVersionDate "2021.10.06"]
[SourceQuality "1"]
[WhiteTeam "Godesberg II"]
[BlackTeam "Niederkassel II"]
[WhiteTeamCountry "GER"]
[BlackTeamCountry "GER"]

1. c4 c6 2. Nf3 d5 3. e3 Nf6 4. Nc3 g6 5. d4 Bg7 6. Bd3 0-0 7. 0-0 Bg4 8. h3 Bxf3 9. Qxf3 Re8 10. Rd1 e6 11. b3 Nbd7 12. e4 Nxe4 13. Bxe4 dxe4 14. Nxe4 Nf6 15. Bg5 1-0

[Event "Mittelrhein Regionalliga 1718"]
[Site "Nordrheinwestfalen"]
[Date "2017.09.10"]
[Round "1.2"]
[White "Eichhorn, Andreas"]
[Black "Gerusel, Mathias"]
[Result "1-0"]
[WhiteElo "2280"]
[BlackElo "2122"]
[PlyCount "55"]
[EventDate "2017.09.10"]
[EventType "team-tourn"]
[EventRounds "9"]
[EventCountry "GER"]
[SourceTitle "EXT 2022"]
[Source "ChessBase"]
[SourceDate "2021.10.06"]
[SourceVersion "1"]
[SourceVersionDate "2021.10.06"]
[SourceQuality "1"]
[WhiteTeam "Koeln Lasker"]
[BlackTeam "Godesberg II"]
[WhiteTeamCountry "GER"]
[BlackTeamCountry "GER"]

1. c4 Nf6 2. Nc3 e5 3. Nf3 Nc6 4. e4 Bb4 5. d3 d6 6. Be2 Bg4 7. 0-0 Bxf3 8. Bxf3 0-0 9. Be3 Bc5 10. a3 a5 11. Ne2 Re8 12. Rb1 h6 13. Qd2 a4 14. Rbe1 Nh7 15. Nc3 Nd4 16. Bd1 Qd7 17. Kh1 Nf8 18. g3 Nfe6 19. f4 exf4 20. gxf4 f5 21. Qg2 Rf8 22. Bc1 b6 23. exf5 Nxf5 24. Qd5 Nfd4 25. f5 c6 26. fxe6 Rxf1+ 27. Rxf1 Nxe6 28. Qg2 1-0

[Event "Mittelrhein Regionalliga 15/16"]
[Site "Nordrheinwestfalen"]
[Date "2015.09.27"]
[Round "1.1"]
[White "Gerusel, Mathias"]
[Black "Grabowski, Pawel"]
[Result "0-1"]
[WhiteElo "2144"]
[BlackElo "2262"]
[PlyCount "70"]
[EventDate "2015.09.27"]
[EventType "team-tourn"]
[EventRounds "9"]
[EventCountry "GER"]
[SourceTitle "EXT 2022"]
[Source "ChessBase"]
[SourceDate "2021.10.06"]
[SourceVersion "1"]
[SourceVersionDate "2021.10.06"]
[SourceQuality "1"]
[WhiteTeam "Godesberg III"]
[BlackTeam "Godesberg II"]
[WhiteTeamCountry "GER"]
[BlackTeamCountry "GER"]

1. d4 Nf6 2. c4 g6 3. Nc3 Bg7 4. e4 d6 5. h3 0-0 6. Bg5 c6 7. Nf3 a6 8. a4 a5 9. Be2 Na6 10. Qd2 Nb4 11. Rd1 Ne8 12. g4 Nc7 13. Bh6 d5 14. Bxg7 Kxg7 15. b3 Ne6 16. Kf1 h6 17. Ne1 dxe4 18. Nxe4 f5 19. Ng3 c5 20. gxf5 Qxd4 21. Qc1 Qf6 22. Nf3 Nd4 23. Rg1 Kh7 24. fxg6+ Qxg6 25. Nxd4 Bxh3+ 26. Ke1 cxd4 27. Rh1 Bg2 28. Rh2 Bf3 29. Bd3 Nxd3+ 30. Rxd3 e5 31. Kd2 Rad8 32. Kc2 e4 33. Rd2 e3+ 34. Rd3 exf2 35. Kb2 Be2 0-1

[Event "Mittelrhein Regionalliga 1415"]
[Site "Mittelrhein"]
[Date "2015.02.22"]
[Round "7.1"]
[White "Gerusel, Mathias"]
[Black "Cordts, Ingo"]
[Result "1/2-1/2"]
[WhiteElo "2167"]
[BlackElo "2194"]
[PlyCount "26"]
[EventDate "2014.09.28"]
[EventType "team-tourn"]
[EventRounds "9"]
[EventCountry "GER"]
[SourceTitle "EXT 2023"]
[Source "ChessBase"]
[SourceDate "2022.10.05"]
[SourceVersion "1"]
[SourceVersionDate "2022.10.05"]
[SourceQuality "1"]
[WhiteTeam "Godesberg III"]
[BlackTeam "Koeln Ford SF"]
[WhiteTeamCountry "GER"]
[BlackTeamCountry "GER"]

1. d4 d5 2. c4 c6 3. cxd5 cxd5 4. Bf4 Nc6 5. e3 Nf6 6. Nc3 a6 7. Bd3 Bg4 8. Nge2 e6 9. 0-0 Be7 10. Rc1 0-0 11. Na4 Nd7 12. a3 Rc8 13. b4 e5 1/2-1/2

[Event "Mittelrhein Regionalliga 1314"]
[Site "Mittelrhein"]
[Date "2013.12.15"]
[Round "5.1"]
[White "Popovic, Petar"]
[Black "Gerusel, Mathias"]
[Result "1-0"]
[WhiteElo "2406"]
[BlackElo "2172"]
[PlyCount "69"]
[EventDate "2013.09.15"]
[EventType "team-tourn"]
[EventRounds "11"]
[EventCountry "GER"]
[SourceTitle "EXT 2023"]
[Source "ChessBase"]
[SourceDate "2022.10.05"]
[SourceVersion "1"]
[SourceVersionDate "2022.10.05"]
[SourceQuality "1"]
[WhiteTeam "Aachen DJK Aufwaerts II"]
[BlackTeam "Godesberg III"]
[WhiteTeamCountry "GER"]
[BlackTeamCountry "GER"]

1. e4 c5 2. Nf3 e6 3. d4 cxd4 4. Nxd4 Nc6 5. Nc3 Qc7 6. g3 a6 7. Bg2 Nf6 8. 0-0 Bb4 9. Bg5 Ne5 10. Nce2 Be7 11. b3 d6 12. c4 Bd7 13. a4 0-0 14. h3 Rab8 15. Qd2 b6 16. Rac1 Rbc8 17. Be3 Qb8 18. g4 Ne8 19. g5 f6 20. f4 Nf7 21. h4 e5 22. Nf5 Bxf5 23. exf5 Nc7 24. Nc3 exf4 25. Bxf4 Ne5 26. Nd5 Rce8 27. Be3 Na8 28. Qe2 Bd8 29. Qh5 g6 30. fxg6 hxg6 31. Qh6 fxg5 32. hxg5 Qa7 33. Nf6+ Bxf6 34. Bd5+ Rf7 35. gxf6 1-0

[Event "Regionalliga Mittelrhein 1213"]
[Site "Germany"]
[Date "2013.05.05"]
[Round "10.1"]
[White "Gerusel, Mathias"]
[Black "Wacker, Peter"]
[Result "1/2-1/2"]
[WhiteElo "2198"]
[BlackElo "2312"]
[PlyCount "73"]
[EventDate "2012.09.09"]
[EventType "team"]
[EventRounds "11"]
[EventCountry "GER"]
[SourceTitle "EXT 2015"]
[Source "ChessBase"]
[SourceDate "2014.11.20"]
[SourceVersion "1"]
[SourceVersionDate "2014.11.20"]
[SourceQuality "1"]
[WhiteTeam "Godesberg II"]
[BlackTeam "Pulheim"]
[WhiteTeamCountry "GER"]
[BlackTeamCountry "GER"]

1. d4 f5 2. g3 Nf6 3. Bg2 g6 4. Nf3 Bg7 5. c4 0-0 6. Nc3 d6 7. 0-0 c6 8. Rb1 Na6 9. b4 Nc7 10. a4 Be6 11. Qd3 Qe8 12. Ng5 Bd7 13. b5 h6 14. Nh3 Ne4 15. e3 e5 16. dxe5 Nxc3 17. Qxc3 dxe5 18. Qb3 Rb8 19. f3 Qf7 20. Ba3 Rfd8 21. Rfd1 Be6 22. Bf1 cxb5 23. axb5 Rxd1 24. Rxd1 b6 25. Qa4 Rb7 26. Bb2 Ne8 27. Nf2 Re7 28. Rc1 Kh7 29. c5 bxc5 30. Rxc5 Rc7 31. Qc2 Rxc5 32. Qxc5 Qc7 33. Ba3 Qd7 34. Bb2 Qc7 35. Ba3 Qd7 36. Bb2 Qc7 37. Ba3 1/2-1/2

[Event "Mittelrhein-chT 1112"]
[Site "Germany"]
[Date "2012.05.20"]
[Round "13.1"]
[White "Gerusel, Mathias"]
[Black "Grimm, Sascha"]
[Result "1/2-1/2"]
[WhiteElo "2178"]
[BlackElo "2310"]
[PlyCount "101"]
[EventDate "2011.09.11"]
[EventType "team-tourn"]
[EventRounds "13"]
[EventCountry "GER"]
[SourceTitle "EXT 2013"]
[Source "ChessBase"]
[SourceDate "2012.11.22"]
[SourceVersion "1"]
[SourceVersionDate "2012.11.22"]
[SourceQuality "1"]
[WhiteTeam "Godesberg II"]
[BlackTeam "Gruenfeld"]
[WhiteTeamCountry "GER"]
[BlackTeamCountry "GER"]

1. d4 e6 2. c4 c5 3. d5 exd5 4. cxd5 d6 5. Nc3 g6 6. Nf3 Bg7 7. Qa4+ Bd7 8. Qb3 Qc7 9. Bf4 Nf6 10. h3 0-0 11. e3 Na6 12. Nd2 Rfd8 13. Be2 Rab8 14. Nc4 Be8 15. a4 Nb4 16. Rd1 Qe7 17. 0-0 b6 18. Rfe1 a6 19. Na3 Nd7 20. Nc2 Nxc2 21. Qxc2 b5 22. axb5 axb5 23. Nxb5 Ne5 24. Nc3 Rb4 25. Ra1 Rdb8 26. Reb1 f5 27. Ra2 g5 28. Bh2 Bg6 29. Rba1 f4 30. Qc1 Qf6 31. Ra8 fxe3 32. Qxe3 Rxb2 33. Ne4 Bxe4 34. Qxe4 Qf8 35. Rxb8 Rxb8 36. Ra7 Ra8 37. Rxa8 Qxa8 38. Bxe5 Bxe5 39. Bd3 Qa7 40. Qf5 Qe7 41. g3 Kh8 42. Kg2 Kg8 43. Qf3 Qf7 44. Qxf7+ Kxf7 45. Bxh7 Kf6 46. Bd3 Bb2 47. f4 gxf4 48. gxf4 Kf7 49. Kf3 Bg7 50. Kg4 Kf6 51. Kf3 1/2-1/2

[Event "Mittelrhein-chT 1112"]
[Site "Germany"]
[Date "2011.10.02"]
[Round "2.1"]
[White "Gerusel, Mathias"]
[Black "Marcziter, Dmitrii"]
[Result "1/2-1/2"]
[WhiteElo "2178"]
[BlackElo "2221"]
[PlyCount "30"]
[EventDate "2011.09.11"]
[EventType "team-tourn"]
[EventRounds "13"]
[EventCountry "GER"]
[SourceTitle "EXT 2013"]
[Source "ChessBase"]
[SourceDate "2012.11.22"]
[SourceVersion "1"]
[SourceVersionDate "2012.11.22"]
[SourceQuality "1"]
[WhiteTeam "Godesberg II"]
[BlackTeam "Koeln Lasker"]
[WhiteTeamCountry "GER"]
[BlackTeamCountry "GER"]

1. d4 Nf6 2. c4 d6 3. Nf3 Nbd7 4. Nc3 c6 5. e4 e5 6. Be2 Be7 7. 0-0 0-0 8. Qc2 a6 9. d5 c5 10. Re1 Ne8 11. g3 g6 12. Bh6 Ng7 13. h4 Nf6 14. Nh2 Nfe8 15. Nf3 Nf6 1/2-1/2

[Event "NRW Class1 1011"]
[Site "Germany"]
[Date "2010.11.28"]
[Round "3.1"]
[White "Gerusel, Mathias"]
[Black "Wegener, Olaf"]
[Result "1/2-1/2"]
[WhiteElo "2238"]
[BlackElo "2429"]
[PlyCount "96"]
[EventDate "2010.09.26"]
[EventType "team-tourn"]
[EventRounds "9"]
[EventCountry "GER"]
[SourceTitle "EXT 2012"]
[Source "ChessBase"]
[SourceDate "2011.11.24"]
[SourceVersion "1"]
[SourceVersionDate "2011.11.24"]
[SourceQuality "1"]
[WhiteTeam "Godesberg II"]
[BlackTeam "Dortmund Hansa II"]
[WhiteTeamCountry "GER"]
[BlackTeamCountry "GER"]

1. d4 Nf6 2. c4 e6 3. Nc3 Bb4 4. Qc2 0-0 5. Nf3 b6 6. e4 Ne8 7. Bd3 Bb7 8. Bd2 d6 9. a3 Bxc3 10. Bxc3 Nd7 11. 0-0 Qe7 12. Nd2 e5 13. Rfe1 c5 14. d5 g5 15. Nf1 Ng7 16. Ne3 Rfc8 17. g3 f6 18. Ng2 Nf8 19. f4 Ng6 20. fxg5 fxg5 21. Ne3 Rf8 22. Nf5 Nxf5 23. exf5 Nh8 24. Bd2 Qf6 25. Qd1 Bc8 26. Rf1 Nf7 27. Be4 Kh8 28. Qh5 Rg8 29. g4 Bd7 30. Rf3 Kg7 31. Rg3 h6 32. Rf1 Kf8 33. Rf2 Ke7 34. Qh3 Rh8 35. Qf1 h5 36. h3 hxg4 37. hxg4 Rh4 38. Rh2 Rah8 39. Rxh4 Rxh4 40. Bg2 Nh6 41. Bf3 Nf7 42. Rh3 Qh8 43. Rxh4 Qxh4 44. Be1 Qh8 45. Kg2 a5 46. b3 Qb8 47. Be2 Qh8 48. Qf3 Kf6 1/2-1/2

[Event "NRW Class1 1011"]
[Site "Germany"]
[Date "2010.09.26"]
[Round "1.1"]
[White "Gerusel, Mathias"]
[Black "Jens, Jelmer"]
[Result "1/2-1/2"]
[WhiteElo "2238"]
[BlackElo "2386"]
[PlyCount "106"]
[EventDate "2010.09.26"]
[EventType "team-tourn"]
[EventRounds "9"]
[EventCountry "GER"]
[SourceTitle "EXT 2012"]
[Source "ChessBase"]
[SourceDate "2011.11.24"]
[SourceVersion "1"]
[SourceVersionDate "2011.11.24"]
[SourceQuality "1"]
[WhiteTeam "Godesberg II"]
[BlackTeam "Bochum II"]
[WhiteTeamCountry "GER"]
[BlackTeamCountry "GER"]

1. d4 Nf6 2. c4 g6 3. Nc3 d5 4. Bf4 Bg7 5. Rc1 Nh5 6. Bg5 h6 7. Bh4 c5 8. Nxd5 Nc6 9. e3 cxd4 10. exd4 Be6 11. Nc3 Nxd4 12. Nf3 Nf5 13. Qxd8+ Rxd8 14. Bg3 Nhxg3 15. hxg3 Rc8 16. b3 Nd6 17. Nd2 b5 18. Nce4 Nxe4 19. Nxe4 0-0 20. Bd3 bxc4 21. Bxc4 Bxc4 22. bxc4 Rfd8 23. Ke2 Rc6 24. Rhd1 Rdc8 25. Nd2 Re6+ 26. Kf1 Ra6 27. Rc2 Kf8 28. Rb1 Rb6 29. Rb3 Ke8 30. Ra3 Rc7 31. Ra4 e6 32. Nb3 Bf8 33. Ke2 Rb4 34. Rxb4 Bxb4 35. Kd3 Rd7+ 36. Ke4 f5+ 37. Ke3 e5 38. c5 Kd8 39. Rc4 a5 40. a3 Bxa3 41. Nxa5 Kc7 42. Nb3 Kc6 43. Ra4 Bxc5+ 44. Nxc5 Kxc5 45. Ra5+ Kd6 46. Ra6+ Kd5 47. Rxg6 Rd6 48. Rg8 Ra6 49. Rd8+ Ke6 50. Rf8 Ra3+ 51. Ke2 Ra2+ 52. Ke3 Ra3+ 53. Ke2 Ra2+ 1/2-1/2

[Event "NRW Class2 0910"]
[Site "Germany"]
[Date "2009.11.22"]
[Round "3.3"]
[White "Gerusel, Mathias"]
[Black "Alienkin, Aleksander"]
[Result "1/2-1/2"]
[WhiteElo "2262"]
[BlackElo "2398"]
[PlyCount "91"]
[EventDate "2009.09.20"]
[EventType "team-tourn"]
[EventRounds "9"]
[EventCountry "GER"]
[SourceTitle "EXT 2011"]
[Source "ChessBase"]
[SourceDate "2010.11.26"]
[SourceVersion "1"]
[SourceVersionDate "2010.11.26"]
[SourceQuality "1"]
[WhiteTeam "Godesberg II"]
[BlackTeam "Aachen Aufwaerts"]
[WhiteTeamCountry "GER"]
[BlackTeamCountry "GER"]

1. d4 e6 2. c4 c5 3. d5 exd5 4. cxd5 d6 5. Nc3 g6 6. e4 Bg7 7. Nf3 Nf6 8. Be2 a6 9. a4 Bg4 10. Be3 Bxf3 11. Bxf3 Nbd7 12. Be2 0-0 13. 0-0 Qe7 14. f3 Ne8 15. Qd2 Nc7 16. Rab1 Rfe8 17. Rfe1 Rab8 18. Bg5 Bf6 19. Bxf6 Qxf6 20. b4 b6 21. Rb2 Rec8 22. Reb1 cxb4 23. Rxb4 Ne8 24. Nd1 Ra8 25. Ne3 Qd8 26. Nc2 b5 27. axb5 Qb6+ 28. Kh1 a5 29. R4b2 Nc5 30. Qd4 Rab8 31. Ra2 Qd8 32. Ne3 a4 33. f4 Nb3 34. Qxa4 Nc1 35. Rc2 Nxe2 36. Rxe2 Qb6 37. h3 Rc3 38. Ng4 h5 39. Nh2 Qc5 40. Nf3 Rc1+ 41. Rxc1 Qxc1+ 42. Re1 Qb2 43. Nd4 Qd2 44. Nf3 Qb2 45. Nd4 Qd2 46. Nf3 1/2-1/2

[Event "EU-chT Seniors 10th"]
[Site "Dresden"]
[Date "2008.02.16"]
[Round "6.1"]
[White "Hoehm, Walter"]
[Black "Gerusel, Mathias"]
[Result "0-1"]
[WhiteElo "1962"]
[BlackElo "2293"]
[PlyCount "122"]
[EventDate "2008.02.11"]
[EventType "team-swiss"]
[EventRounds "9"]
[EventCountry "GER"]
[SourceTitle "CBM 122 Extra"]
[Source "ChessBase"]
[SourceDate "2008.03.04"]
[SourceVersion "1"]
[SourceVersionDate "2008.03.04"]
[SourceQuality "1"]
[WhiteTeam "Halle"]
[BlackTeam "Rhein Sieg"]
[WhiteTeamCountry "GER"]
[BlackTeamCountry "GER"]

1. e4 c5 2. Nc3 Nc6 3. g3 g6 4. Bg2 Bg7 5. d3 Rb8 6. a4 e6 7. Be3 d6 8. Qd2 a6 9. Nge2 Nd4 10. 0-0 Ne7 11. Nd1 Nec6 12. Nxd4 Nxd4 13. Ra3 b5 14. axb5 axb5 15. Bxd4 Bxd4 16. c3 Bg7 17. Ne3 Qb6 18. Rfa1 0-0 19. R3a2 Bb7 20. f4 Rfd8 21. Qf2 d5 22. exd5 exd5 23. Nc2 d4 24. cxd4 Rxd4 25. Qe2 Rd7 26. Bxb7 Rdxb7 27. Qe4 Qd8 28. Re1 Bf6 29. b3 Kg7 30. Ra6 Rb6 31. Ra7 Kg8 32. f5 Rd6 33. fxg6 hxg6 34. Re3 Qb6 35. Ra8 Kg7 36. Rxb8 Qxb8 37. Kg2 Qd8 38. Rf3 Re6 39. Qf4 Re2+ 40. Rf2 Rxf2+ 41. Qxf2 Qd5+ 42. Kh3 Qxd3 43. Qxc5 Qxb3 44. Nd4 Qc4 45. Qxc4 bxc4 46. Nc2 Be5 47. Kg4 Kf6 48. Kf3 Ke6 49. h3 Kd5 50. g4 Bf6 51. Kf4 c3 52. Ke3 Kc4 53. Ke2 Bg5 54. Ne1 Bd2 55. Nf3 Bf4 56. Ne1 Kd4 57. Nc2+ Ke4 58. Nb4 Bg5 59. Kf2 Be7 60. Na2 c2 61. Ke2 Bg5 0-1

[Event "EU-chT Seniors 10th"]
[Site "Dresden"]
[Date "2008.02.14"]
[Round "4.1"]
[White "Gerhardt, Peter Michael"]
[Black "Gerusel, Mathias"]
[Result "0-1"]
[WhiteElo "2112"]
[BlackElo "2293"]
[PlyCount "118"]
[EventDate "2008.02.11"]
[EventType "team-swiss"]
[EventRounds "9"]
[EventCountry "GER"]
[SourceTitle "CBM 122 Extra"]
[Source "ChessBase"]
[SourceDate "2008.03.04"]
[SourceVersion "1"]
[SourceVersionDate "2008.03.04"]
[SourceQuality "1"]
[WhiteTeam "Bremen"]
[BlackTeam "Rhein Sieg"]
[WhiteTeamCountry "GER"]
[BlackTeamCountry "GER"]

1. d4 d5 2. c4 c6 3. e3 Nf6 4. Nc3 e6 5. Nf3 Nbd7 6. Bd3 Bd6 7. 0-0 0-0 8. b3 dxc4 9. Bxc4 b5 10. Bd3 Bb7 11. Bb2 Qe7 12. Ne4 Nxe4 13. Bxe4 Rac8 14. Qe2 a6 15. Rac1 Rc7 16. Ne5 Nxe5 17. dxe5 Bb4 18. f4 Rd8 19. Rcd1 Rcd7 20. Qf3 g6 21. Rd4 Bc5 22. Rxd7 Qxd7 23. Bc1 Ba7 24. g4 Qc7 25. Ba3 Qa5 26. Bc1 Qc3 27. Qg3 Bb8 28. h4 Bc8 29. g5 c5 30. h5 c4 31. hxg6 fxg6 32. bxc4 Qxc4 33. Qg2 a5 34. Qc2 Qxc2 35. Bxc2 Kf7 36. Rd1 Rxd1+ 37. Bxd1 Bb7 38. Bc2 Bd5 39. Bb1 Ba7 40. Kf2 Bc5 41. Ke2 b4 42. Kd3 Ke8 43. e4 Bc6 44. Kc4 Bb6 45. Bc2 Bf2 46. Bd2 Kd7 47. Kb3 Bc5 48. Kc4 Bb6 49. Kb3 Bb5 50. a3 bxa3 51. Kxa3 Kc6 52. Bb3 Kd7 53. Bc2 Bc5+ 54. Kb2 a4 55. Bb1 Bc4 56. Kc3 Bb3 57. f5 Bf2 58. f6 Bg3 59. Kd4 Ke8 0-1

[Event "NRW Class2 0708"]
[Site "Germany"]
[Date "2007.11.04"]
[Round "3.7"]
[White "Gerusel, Mathias"]
[Black "Heuermann, Heinz Burkhard"]
[Result "1/2-1/2"]
[WhiteElo "2293"]
[BlackElo "2020"]
[PlyCount "59"]
[EventDate "2007.09.16"]
[EventType "team"]
[EventRounds "9"]
[EventCountry "GER"]
[SourceTitle "EXT 2009"]
[Source "ChessBase"]
[SourceDate "2008.11.26"]
[SourceVersion "1"]
[SourceVersionDate "2008.11.26"]
[SourceQuality "1"]
[WhiteTeam "Godesberg II"]
[BlackTeam "Herford"]
[WhiteTeamCountry "GER"]
[BlackTeamCountry "GER"]

1. d4 Nf6 2. c4 g6 3. Nf3 Bg7 4. g3 d5 5. cxd5 0-0 6. Bg2 Qxd5 7. Nc3 Qa5 8. 0-0 c5 9. e3 Nc6 10. d5 Rd8 11. Nd2 Nb4 12. e4 b5 13. Nb3 Qb6 14. Be3 Nd7 15. Qe2 Rb8 16. Rfc1 Bd4 17. a3 Bxe3 18. Qxe3 Na6 19. Bf1 Nc7 20. Na2 c4 21. Nd4 Bb7 22. Nb4 Ne5 23. Ndc2 Qxe3 24. Nxe3 a5 25. Na2 Nf3+ 26. Kg2 Nd2 27. Rd1 Nb3 28. Rab1 a4 29. Nc3 Ba8 30. Kg1 1/2-1/2

[Event "NRW Class2 0708"]
[Site "Germany"]
[Date "2007.09.16"]
[Round "1.7"]
[White "Gerusel, Mathias"]
[Black "Dahlmann, Dirk"]
[Result "0-1"]
[WhiteElo "2293"]
[BlackElo "2259"]
[PlyCount "60"]
[EventDate "2007.09.16"]
[EventType "team"]
[EventRounds "9"]
[EventCountry "GER"]
[SourceTitle "EXT 2009"]
[Source "ChessBase"]
[SourceDate "2008.11.26"]
[SourceVersion "1"]
[SourceVersionDate "2008.11.26"]
[SourceQuality "1"]
[WhiteTeam "Godesberg II"]
[BlackTeam "Bochum II"]
[WhiteTeamCountry "GER"]
[BlackTeamCountry "GER"]

1. d4 Nf6 2. c4 c5 3. d5 e6 4. Nc3 exd5 5. cxd5 Bd6 6. Nf3 0-0 7. Bg5 h6 8. Bh4 Qe7 9. e3 Bc7 10. d6 Bxd6 11. Nd5 Qe6 12. Bxf6 gxf6 13. Bc4 Be5 14. Qd3 b5 15. Bxb5 Nc6 16. Rd1 Rb8 17. b3 Kh8 18. h3 Rg8 19. Nh4 Na5 20. Bc4 Nxc4 21. bxc4 Rb2 22. f4 Bb8 23. Qc3 Rxa2 24. Nxf6 Bxf4 25. Nxg8+ Be5 26. Qd3 Bg3+ 27. Kf1 Bxh4 28. Nxh6 Qxh6 29. Qc3+ Bf6 30. Qb3 Rb2 0-1

[Event "Oberliga NRW 0607"]
[Site "Germany"]
[Date "2006.10.29"]
[Round "2.4"]
[White "Gerusel, Mathias"]
[Black "Dormann, Lars"]
[Result "0-1"]
[WhiteElo "2322"]
[BlackElo "2240"]
[PlyCount "66"]
[EventDate "2006.09.17"]
[EventType "team-tourn"]
[EventRounds "9"]
[EventCountry "GER"]
[SourceTitle "EXT 2007"]
[Source "ChessBase"]
[SourceDate "2006.11.23"]
[SourceVersion "1"]
[SourceVersionDate "2006.11.23"]
[SourceQuality "1"]
[WhiteTeam "Godesberg II"]
[BlackTeam "Muenster"]
[WhiteTeamCountry "GER"]
[BlackTeamCountry "GER"]

1. d4 f5 2. Nf3 Nf6 3. g3 g6 4. c4 Bg7 5. Nc3 d6 6. Bg2 0-0 7. 0-0 Qe8 8. b3 Na6 9. Bb2 e5 10. dxe5 dxe5 11. e4 f4 12. gxf4 Nh5 13. Ne2 c6 14. Nxe5 Nc5 15. Qd6 Ne6 16. f5 Nef4 17. Ng3 gxf5 18. Rfe1 Nxg2 19. Kxg2 fxe4 20. Rxe4 Nf4+ 21. Kf1 Bh3+ 22. Kg1 Rd8 23. Qc5 Ne6 24. Qe3 Qe7 25. Rb1 Bf5 26. Nxf5 Rxf5 27. Nf3 Bxb2 28. Rxb2 Qg7+ 29. Kf1 Qxb2 30. Rxe6 Rdf8 31. Re8 Rxf3 32. Rxf8+ Rxf8 33. Qg5+ Kh8 0-1